Virtuální polytechnická knihovna - Souborný katalog - Úplný záznam dokumentu - MARC Uživatel: --- 
-----nas  22-----zu 4500
001 SKVPK0031913
003 CZ-VPK
005 20260424140045.0
008 260424d19651968||||| | |||  ||   |||||||
022   $a0550-306X
040   $aABA013$bcze
222  0$aNuclear data. Section A
245 00$aNuclear data. Section A
260   $aSpojené státy americké :$bNew York : Academic Press,$c1965-1968
650 07$afyzika$xfy$2psh
780 00$tNuclear data tables, United States Atomic Energy Commission$x0564-9064
785 00$tNuclear data tables. Section A$x0090-5518
910   $aABA013$r1965-1968
OAI-PMH
 čtvrtek 14.05.2026 01:21:15 © 2001-2015 Národní technická knihovna 

[Virtuální polytechnická knihovna] [Servisní centrum] [Souborný katalog]